Le contrat de travail / (Record no. 34144)

MARC details
000 -LEADER
campo de control de longitud fija 00946cam a2200325Ma 4500
001 - NÚMERO DE CONTROL
campo de control 74054
005 - FECHA Y HORA DE LA ÚLTIMA TRANSACCIÓN
campo de control 20230410105317.0
008 - DATOS DE LONGITUD FIJA--INFORMACIÓN GENERAL
campo de control de longitud fija 081210s2008 fr 000 0 fre d
035 ## - NÚMERO DE CONTROL DEL SISTEMA
Número de control de sistema (OCoLC)ocn354046266
040 ## - FUENTE DE CATALOGACIÓN
Centro catalogador/agencia de origen LVB
Lengua de catalogación fre
Centro/agencia transcriptor LVB
Centro/agencia modificador BDF
020 ## - NÚMERO INTERNACIONAL ESTÁNDAR DEL LIBRO
Número Internacional Estándar del Libro 9782707153821
050 14 - SIGNATURA TOPOGRÁFICA DE LA BIBLIOTECA DEL CONGRESO
Número de clasificación H 61
Número de ítem R425
110 1# - ENTRADA PRINCIPAL--NOMBRE DE ENTIDAD CORPORATIVA
Nombre de entidad corporativa o nombre de jurisdicción como elemento de entrada Centre d`etudes de l`emploi.
130 1# - ENTRADA PRINCIPAL--TÍTULO UNIFORME
Título uniforme Reperes
245 13 - MENCIÓN DEL TÍTULO
Título Le contrat de travail /
Mención de responsabilidad, etc. Centre d`etudes de l`emploi
260 ## - PUBLICACIÓN, DISTRIBUCIÓN, ETC.
Lugar de publicación, distribución, etc. Paris :
Nombre del editor, distribuidor, etc. La Découverte,
Fecha de publicación, distribución, etc. 2008.
300 ## - DESCRIPCIÓN FÍSICA
Extensión 122 p.;
Dimensiones 18 cm.
440 #0 - MENCIÓN DE SERIE/PUNTO DE ACCESO ADICIONAL--TÍTULO
Título Reperes ;
Designación de volumen o secuencia n.505
650 #6 - PUNTO DE ACCESO ADICIONAL DE MATERIA--TÉRMINO DE MATERIA
Término de materia o nombre geográfico como elemento de entrada Contrat de travail
Subdivisión geográfica France.
650 #6 - PUNTO DE ACCESO ADICIONAL DE MATERIA--TÉRMINO DE MATERIA
Término de materia o nombre geográfico como elemento de entrada Travail
Subdivisión general Droit
Subdivisión geográfica France.
650 #6 - PUNTO DE ACCESO ADICIONAL DE MATERIA--TÉRMINO DE MATERIA
Término de materia o nombre geográfico como elemento de entrada Personnel
Subdivisión general Licenciement
-- Droit
Subdivisión geográfica France.
650 #7 - PUNTO DE ACCESO ADICIONAL DE MATERIA--TÉRMINO DE MATERIA
Término de materia o nombre geográfico como elemento de entrada Contrat de travail
Subdivisión geográfica France.
Fuente del encabezamiento o término ram
650 #7 - PUNTO DE ACCESO ADICIONAL DE MATERIA--TÉRMINO DE MATERIA
Término de materia o nombre geográfico como elemento de entrada Droit du travail
Subdivisión geográfica France.
Fuente del encabezamiento o término ram
730 0# - ASIENTO SECUNDARIO--TITULO UNIFORME
Título uniforme Collection Reperes
830 #0 - PUNTO DE ACCESO ADICIONAL DE SERIE-TÍTULO UNIFORME
Título uniforme Reperes.
Nombre de parte o sección de la obra Economie.
830 #0 - PUNTO DE ACCESO ADICIONAL DE SERIE-TÍTULO UNIFORME
Título uniforme Reperes ;
Designación de volumen o secuencia 505.
942 ## - ELEMENTOS DE ENTRADA SECUNDARIOS (KOHA)
Fuente del sistema de clasificación o colocación Clasificación de Library of Congress
Tipo de ítem Koha
946 ## - PROCESAMIENTO DE INFORMACIÓN LOCAL (OCLC)
a mjcruz
994 ## -
-- C0
-- DRFGD
Holdings
Estatus retirado Estado de pérdida Fuente del sistema de clasificación o colocación Estado de daño No para préstamo Colección Biblioteca de origen Biblioteca actual Ubicación en estantería Fecha de adquisición Serial enumeration / chronology Signatura topográfica completa Código de barras Visto por última vez Copia número Tipo de ítem Koha
    Clasificación de Library of Congress     Ciencias Sociales Biblioteca Juan Bosch Biblioteca Juan Bosch Ciencias Sociales (3er. Piso) 10/04/2023 1 H 61 R425 00000066558 24/10/2018 1